Cities Closest to Perth, Ontario - Statistics

General Stats
  • This quiz has been taken 12 times
  • The average score is 7 of 15
Answer Stats
Distance City % Correct
447 km Quebec City
91%
285 km Toronto
91%
221 km Montreal
82%
72 km Ottawa
82%
341 km Hamilton
64%
452 km London
64%
306 km Buffalo
45%
306 km Mississauga
36%
220 km Rochester
36%
321 km Albany
27%
498 km New York City
18%
521 km Providence
18%
516 km Harrisburg
9%
482 km New Haven
9%
499 km Portland
0%
No matching quizzes found
Score Distribution
Percent of People with Each Score
Percentile by Number Answered
Your Score History
You have not taken this quiz